GLOSARI BUDAYA MALAYSIA : (Record no. 9378)
[ view plain ]
| 000 -LEADER | |
|---|---|
| fixed length control field | 00908nam a2200301 i 4500 |
| 001 - CONTROL NUMBER | |
| control field | C2-0072361 |
| 003 - CONTROL NUMBER IDENTIFIER | |
| control field | PPAK |
| 005 - DATE AND TIME OF LATEST TRANSACTION | |
| control field | 20210609235454.0 |
| 008 - FIXED-LENGTH DATA ELEMENTS--GENERAL INFORMATION | |
| fixed length control field | 970429t19921992my o|||e ||||| | may d |
| 020 ## - INTERNATIONAL STANDARD BOOK NUMBER | |
| International Standard Book Number | 9836230513 |
| Qualifying information | paperback |
| 040 ## - CATALOGING SOURCE | |
| Original cataloging agency | PPAK |
| Language of cataloging | eng |
| Transcribing agency | PPAK |
| Description conventions | rda |
| 082 04 - DEWEY DECIMAL CLASSIFICATION NUMBER | |
| Classification number | 746.4403 |
| Edition number | 23 |
| 090 00 - LOCALLY ASSIGNED LC-TYPE CALL NUMBER (OCLC); LOCAL CALL NUMBER (RLIN) | |
| Classification number (OCLC) (R) ; Classification number, CALL (RLIN) (NR) | 746.4403 |
| Feature heading | GLO |
| Feature heading | G |
| Classification number (OCLC) (R) ; Classification number, CALL (RLIN) (NR) | 746.4403 |
| Feature heading | GLO |
| Feature heading | K |
| Classification number (OCLC) (R) ; Classification number, CALL (RLIN) (NR) | 746.4403 |
| Feature heading | GLO |
| Feature heading | KIH |
| Classification number (OCLC) (R) ; Classification number, CALL (RLIN) (NR) | 746.4403 |
| Feature heading | GLO |
| Feature heading | R |
| Classification number (OCLC) (R) ; Classification number, CALL (RLIN) (NR) | 746.4403 |
| Feature heading | GLO |
| Feature heading | KAO |
| 245 00 - TITLE STATEMENT | |
| Title | GLOSARI BUDAYA MALAYSIA : |
| Remainder of title | SENI TEKAT dan SULAM |
| 264 #1 - PRODUCTION, PUBLICATION, DISTRIBUTION, MANUFACTURE, AND COPYRIGHT NOTICE | |
| Place of production, publication, distribution, manufacture | Kuala Lumpur : |
| Name of producer, publisher, distributor, manufacturer | Dewan Bahasa dan Pustaka , |
| Date of production, publication, distribution, manufacture, or copyright notice | 1992 |
| Date of production, publication, distribution, manufacture, or copyright notice | ©1992 |
| 300 ## - PHYSICAL DESCRIPTION | |
| Extent | 2 volumes (xiv, 28 pages ; 165 pages) : |
| Other physical details | colour photographs ; |
| Dimensions | 22 cm |
| 336 ## - CONTENT TYPE | |
| Source | rdacontent |
| Content type term | text |
| 337 ## - MEDIA TYPE | |
| Source | rdamedia |
| Media type term | unmediated |
| 338 ## - CARRIER TYPE | |
| Source | rdacarrier |
| Carrier type term | volume |
| 650 10 - SUBJECT ADDED ENTRY--TOPICAL TERM | |
| Topical term or geographic name entry element | Embroidery |
| Form subdivision | Dictionaries |
| General subdivision | Malay |
| Topical term or geographic name entry element | Embroidery |
| Form subdivision | Terminology |
| 942 ## - ADDED ENTRY ELEMENTS (KOHA) | |
| Koha item type | Book |
| Source of classification or shelving scheme | Dewey Decimal Classification |
| Withdrawn | Not for loan | Current library | Shelving location | Date acquired | Full call number | Barcode | Date last seen | Koha item type | Total Checkouts |
|---|---|---|---|---|---|---|---|---|---|
| Not For Loan | Perpustakaan Alor Setar | Koleksi Ismail Hussein | 03/10/1998 | KIH 746.4403 GLO | A00174667 | 08/05/2018 | Book | ||
| Not For Loan | Perpustakaan Alor Setar | Rujukan Dewasa | 14/07/1998 | R 746.4403 GLO | A00107472 | 08/05/2018 | Book | ||
| Not For Loan | Perpustakaan Alor Setar | Rujukan Dewasa | 14/07/1998 | R 746.4403 GLO | A00107476 | 08/05/2018 | Book | ||
| Not For Loan | Perpustakaan Awam Sungai Petani | Rujukan Dewasa | 21/03/2004 | R 746.4403 GLO | A00424445 | 08/05/2018 | Book | ||
| Not For Loan | Perpustakaan Awam Sungai Petani | Rujukan Dewasa | 14/03/2004 | R 746.4403 GLO | A00424119 | 08/05/2018 | Book | ||
| Not For Loan | Perpustakaan Jitra | Rujukan Dewasa | 24/03/2004 | R 746.4403 GLO | A00846790 | 08/05/2018 | Book | ||
| Not For Loan | Perpustakaan Jitra | Rujukan Dewasa | 23/03/2004 | R 746.4403 GLO | A00846740 | 08/05/2018 | Book | ||
| Not For Loan | Perpustakaan Jitra | Koleksi Asmah Haji Omar | 15/08/2021 | KAO 746.4403 GLO | KAO000121 | 15/08/2021 | Book | ||
| Not For Loan | Perpustakaan Kulim | Rujukan Dewasa | 30/03/2004 | R 746.4403 GLO | A00343442 | 08/05/2018 | Book |